Schaum's outline of theory & problems of statistics (Record no. 7840)

000 -LEADER
fixed length control field 00549nam a2200205 4500
001 - CONTROL NUMBER
control field 7840
003 - CONTROL NUMBER IDENTIFIER
control field BD-DhUET
008 - FIXED-LENGTH DATA ELEMENTS--GENERAL INFORMATION
fixed length control field 141213b/xxu||||| |||| 00| 0 eng d
020 ## - INTERNATIONAL STANDARD BOOK NUMBER
International Standard Book Number 070602271
040 ## - CATALOGING SOURCE
Original cataloging agency DLC
Language of cataloging DLC
Transcribing agency BD-DhUET
082 ## - DEWEY DECIMAL CLASSIFICATION NUMBER
Classification number 519.9
Item number SPI/1961
100 ## - MAIN ENTRY--PERSONAL NAME
Personal name Spiegel , Murray R
245 ## - TITLE STATEMENT
Title Schaum's outline of theory & problems of statistics
250 ## - EDITION STATEMENT
Edition statement 1st ed.
260 ## - PUBLICATION, DISTRIBUTION, ETC. (IMPRINT)
Place of publication, distribution, etc. Singapore
Name of publisher, distributor, etc. McGraw Hill
Date of publication, distribution, etc. 1961
300 ## - PHYSICAL DESCRIPTION
Extent 359 p.
Other physical details ill.
Dimensions 27 cm.
490 ## - SERIES STATEMENT
Series statement Schaum's Outline Series
650 #0 - SUBJECT ADDED ENTRY--TOPICAL TERM
Topical term or geographic name as entry element Statistical mathematics
942 ## - ADDED ENTRY ELEMENTS (KOHA)
Koha item type General Book
Holdings
Damaged status Shelving location Source of classification or shelving scheme Copy number Koha normalized classification for sorting Withdrawn status Piece designation (barcode) Koha date last borrowed Koha full call number Lost status Sublocation or collection (holding branch) Price effective from Koha issues (times borrowed) Koha date last seen Koha item type Not for loan Date acquired Location (home branch)
 Circulation section 1519_900000000000000_SPI_1961 25219 519.9/SPI/1961 Central Library, BUET2014-12-13 2015-08-22General Book 2014-12-13Central Library, BUET
 Circulation section 2519_900000000000000_SPI_1961 66184 519.9/SPI/1961 Central Library, BUET2014-12-13 2017-02-06General Book 2014-12-13Central Library, BUET
 Circulation section 3519_900000000000000_SPI_1961 345 519.9/SPI/1961 Central Library, BUET2014-12-13 2014-12-13General Book 2014-12-13Central Library, BUET
 Circulation section 5519_900000000000000_SPI_1961 564832015-08-01519.9/SPI/1961 Central Library, BUET2014-12-1312015-08-01General Book 2014-12-13Central Library, BUET
 Circulation section 6519_900000000000000_SPI_1961 31847 519.9/SPI/1961 Central Library, BUET2014-12-13 2014-12-13General Book 2014-12-13Central Library, BUET
 Circulation section 7519_900000000000000_SPI_1961 31828 519.9/SPI/1961 Central Library, BUET2014-12-13 2014-12-13General Book 2014-12-13Central Library, BUET
 Circulation section 8519_900000000000000_SPI_1961 31843 519.9/SPI/1961 Central Library, BUET2014-12-13 2014-12-13General Book 2014-12-13Central Library, BUET